Pokémon Used By Second Gym Leaders - Statistics

General Stats
  • This quiz has been taken 172 times
    49 since last reset
  • The average score is 42 of 57
Answer Stats
Leader Game Pokémon % Correct
Misty RB Starmie
100%
Misty RB Staryu
100%
Bugsy GSC Kakuna
95%
Brawly RS Makuhita
95%
Bugsy GSC Metapod
95%
Bugsy GSC Scyther
95%
Bugsy HGSS Heracross
89%
Lenora BW Herdier
89%
Brawly RS Machop
89%
Bugsy HGSS Pinsir
89%
Gardenia DP Roserade
89%
Bugsy HGSS Scizor
89%
Lenora BW Watchog
89%
Gardenia P Cherrim
84%
Gardenia DP Cherubi
84%
Brawly E Hariyama
84%
Roxie BW2 Koffing
84%
Brawly E Machamp
84%
Grant XY Tyrunt
84%
Roxie BW2 Whirlipede
84%
Grant XY Amaura
79%
Nessa SwSh Goldeen
79%
Misty GSC Golduck
79%
Misty LGPE Gyarados
79%
Brawly E Meditite
79%
Misty LGPE Psyduck
79%
Gardenia DP Turtwig
79%
Grant XY Tyrantrum
79%
Bugsy HGSS Vespiquen
79%
Grant XY Aurorus
74%
Nessa SwSh Drednaw
74%
Brawly E Hitmonlee
74%
Misty GSC Lapras
74%
Brawly E Medicham
74%
Brassius SV Sudowoodo
74%
Gardenia P Torterra
74%
Misty LGPE Vaporeon
74%
Nessa SwSh Arrokuda
68%
Roxie BW2 Grimer
68%
Brawly E Hitmonchan
68%
Brawly E Hitmontop
68%
Brassius SV Arboliva
63%
Brassius SV Breloom
63%
Misty LGPE Dewgong
63%
Misty GSC Quagsire
63%
Bugsy HGSS Yanmega
63%
Gardenia P Bellossom
58%
Misty HGSS Floatzel
58%
Brassius SV Smoliv
58%
Misty HGSS Milotic
47%
Brassius SV Vileplume
47%
Gardenia P Jumpluff
42%
Brassius SV Lilligant
42%
Bugsy HGSS Shedinja
42%
Misty HGSS Lanturn
37%
Brassius SV Tsareena
37%
Brassius SV Petilil
32%
No matching quizzes found
Score Distribution
Percent of People with Each Score
Percentile by Number Answered
Your Score History
You have not taken this quiz since the last reset